Up From the Bottom Lyrics - Statistics

General Stats
  • This quiz has been taken 5 times
  • The average score is 16 of 25
Answer Stats
Lyrics % Correct
Starin' {up} {from} {the} {bottom}
100%
{Up} {from} {the} {bottom}
100%
Bristlin', {listenin}' {to} {you}, {you}, {you}, {you}, {you}
80%
Cold like a mountaintop, father never {loved} {him}
80%
Feels like a knife pushed {deep} {inside} a socket
80%
Gotta get {out} {of} {here}
80%
Inside, it feels like I've been {barely} {breathin}'
80%
I try escapin', but there's {nowhere} {to} {go}
80%
Openin' my eyes, knowin' nothing's {gonna} {change}
80%
Openin' my eyes, knowin' nothin' {is} {the} {same}
80%
Wakin' up without a {name}
80%
You keep me waitin' down here, {so} {far} {below}
80%
You put up to {keep} {me} {down}, {down}, {down}, {down}, {down}
80%
As I realize that there's {no} {one} {else} to blame
60%
Circlin' around a {drain}
60%
Each time I {hold} {my} {fist} inside my pocket
60%
Everybody out, {that} {devil} is comin'
60%
Feels like air is {runnin}' {out}
60%
{Hold} {my} {breath} until I'm blue
60%
Before you even know it's a trap you're {stuck} {in}
40%
Inside, I'm {stuck} {here}, starin' at a ceilin'
40%
Mama said he's bad {enough} {times} that it sunk in
40%
Poison {on} {his} {lips} and his words mean nothin'
40%
He's gone {like} {a} {ghost}, already off runnin'
20%
Promise you the world, but he's {always} {bluffin}'
20%
No matching quizzes found
Score Distribution
Percent of People with Each Score
Percentile by Number Answered
Your Score History
You have not taken this quiz